| 000 | 00530nam a2200241Ia 4500 | ||
|---|---|---|---|
| 003 | IT-RoPAU | ||
| 008 | 120407s9999 xx 000 0 und d | ||
| 040 | _aIT-RoPAU | ||
| 040 | _cIT-RoPAU | ||
| 041 | _aita | ||
| 100 | _aMagnus Lohrer | ||
| 100 | _ca cura di | ||
| 245 | _aSacramenti ed etica. | ||
| 250 | _aRoma | ||
| 260 | _aPontificio Ateneo S. Anselmo | ||
| 260 | _c1993 | ||
| 300 | _a102 p. | ||
| 300 | _c24 cm | ||
| 490 | _aStudia Anselmiana 109: Sacramenti | ||
| 490 | _v11 | ||
| 942 | _cBK | ||
| 999 |
_c24053 _d24053 |
||